| 000 | 00856nam a2200265 c 4500 | ||
|---|---|---|---|
| 003 | BLK | ||
| 005 | 20180413122545.0 | ||
| 008 | 180408b bul|||||r ||||||| ||bul|| | ||
| 010 | _aKNG00053252000 | ||
| 020 |
_a3-411-02208-6 _bиздат.: Dudenverlag |
||
| 040 | _aBLK | ||
| 041 |
_aDEU _cDEU |
||
| 080 |
_aНемски език (високонемски, стандартен писмен) _b811.112.2 _x-321.1(038.1) _z811.112.2-321.1(038.1) |
||
| 139 |
_aSCHULERDUDEN _b |
||
| 245 | 1 | 0 |
_aSCHULERDUDEN _bBedeutungsworterbuch: Wortbildung und Wortschatz |
| 250 | _a2. vollig neu bearb. Aufl | ||
| 260 |
_аMannheim et al. _bDudenverlag _c1986 |
||
| 300 |
_a464 c _c19 cm |
||
| 380 | _a80 | ||
| 852 | _aЦб 186043 | ||
| 856 | 4 |
_qpdf _u |
|
| 856 | 4 |
_qpdf _u |
|
| 942 |
_cKNG _n0 |
||
| 944 |
_aCR _c01.01.1999 _kAB_DOS |
||
| 944 |
_aED _c13.02.2017 _kЛили_Борисова |
||
| 999 |
_c49402 _d49402 |
||